000 00717nam a22002057a 4500
003 LK-CoMWRAF
005 20240605135519.0
008 240116b2022 |||||||| |||| 00| 0 eng d
040 _aLK-CoMWRAF
_dLK-CoMWRAF
_eLK-CoMWRAF
041 _atam
082 _a920
_bFAR
100 _aபரீட், ஸகிய்யா ஸித்தீக்
_vFareed, Zakiya Siddeeque
245 _aநமது வரலாற்று ஆளுமைகள்- பாகம் - 01
246 _aNamatu varalāṟṟu āḷumaikaḷ- pasum 1
246 _aOur historical personalities - part 1
260 _aDehiwala:
_bRarlumatlullah,
_c2022
300 _a568 p.
650 _aHISTORICAL PERSONALITIES-Muslims
942 _cBK
999 _c4630
_d4630